Normal view
MARC view
- MOTION CONTROL
Entry Topical Term
001 - CONTROL NUMBER
- control field: 76169
003 - CONTROL NUMBER IDENTIFIER
- control field: NUST
005 - DATE AND TIME OF LATEST TRANSACTION
- control field: 20210628205607.0
008 - FIXED-LENGTH DATA ELEMENTS
- fixed length control field: 210628|| aca||aabn | a|a d
040 ## - CATALOGING SOURCE
- Original cataloging agency: NUST
- Transcribing agency: NUST
150 ## - HEADING--TOPICAL TERM
- Topical term or geographic name entry element: MOTION CONTROL
670 ## - SOURCE DATA FOUND
- Source citation: Work cat.: (NUST): Raskin, Charles 76168, Designing with motion handbook design integration software tips and techniques, 1996
